Music Quiz

Random Music or Artist Quiz
Score 0/30 Timer 06:00
3 Plays Today
% Correct
Michael Jackson
95.7%
Lady Gaga
93.9%
Britney Spears
93.9%
Adele
93%
Prince
92.3%
Elvis Presley
91.9%
Whitney Houston
91.2%
Céline Dion
90.5%
Elton John
90.3%
Katy Perry
90%
Frank Sinatra
89.9%
Madonna
89.8%
Rihanna
89.2%
Beyoncé
87.3%
Taylor Swift
87.1%
% Correct
Eminem
86.9%
Bruce Springsteen
86.2%
Bruno Mars
85.2%
Billy Joel
84.6%
Phil Collins
84.5%
Stevie Wonder
84.3%
David Bowie
83.8%
Neil Diamond
83.2%
Usher
82.8%
Tina Turner
82.7%
Cher
82.6%
Ed Sheeran
82%
Bryan Adams
81.9%
Bob Dylan
80.6%
Rod Stewart
77.4%

You're not logged in!

Compare scores with friends on all Sporcle quizzes.
OR
Log In

Sporcle TV

Today on Sporcle TV


Watch our educational content, quiz creation guides, and fun videos on Sporcle TV.

Show Comments

Extras

Top Quizzes Today


Score Distribution

Paid Content

Your Account Isn't Verified!

In order to create a playlist on Sporcle, you need to verify the email address you used during registration. Go to your Sporcle Settings to finish the process.

Report this User

Report this user for behavior that violates our Community Guidelines.

Details: